Doctor Zhivago Introduced by John Bayley (Record no. 960546)

MARC details
000 -LEADER
fixed length control field 00796nam a2200277Ia 4500
003 - CONTROL NUMBER IDENTIFIER
control field OSt
005 - DATE AND TIME OF LATEST TRANSACTION
control field 20221005052524.0
008 - FIXED-LENGTH DATA ELEMENTS--GENERAL INFORMATION
fixed length control field 221004b |||||||| |||| 00| 0 eng d
020 ## - INTERNATIONAL STANDARD BOOK NUMBER
International Standard Book Number 185715041
037 ## - SOURCE OF ACQUISITION
Terms of availability Textual
040 ## - CATALOGING SOURCE
Original cataloging agency CRL
Transcribing agency CRL
Language of cataloging eng
041 ## - LANGUAGE CODE
Source of code eng
Language code of text/sound track or separate title eng
100 ## - MAIN ENTRY--PERSONAL NAME
Personal name Pasternak Boris
245 #0 - TITLE STATEMENT
Title Doctor Zhivago Introduced by John Bayley
260 ## - PUBLICATION, DISTRIBUTION, ETC.
Place of publication, distribution, etc. London
Name of publisher, distributor, etc. David Campbell UK
Date of publication, distribution, etc. 1991
300 ## - PHYSICAL DESCRIPTION
Extent 599p.
Dimensions cm.
650 ## - SUBJECT ADDED ENTRY--TOPICAL TERM
Topical term or geographic name entry element ENGLISH LITERATURE
700 ## - ADDED ENTRY--PERSONAL NAME
Personal name Harari Manya Ed
9 (RLIN) 596842
700 ## - ADDED ENTRY--PERSONAL NAME
Personal name Hayward Max Ed
9 (RLIN) 596843
942 ## - ADDED ENTRY ELEMENTS (KOHA)
Classification part O142,3M90,2, 111N1
Koha item type Textual
Source of classification or shelving scheme
Holdings
Withdrawn status Lost status Damaged status Not for loan Home library Current library Date acquired Total Checkouts Full call number Barcode Date last seen Price effective from Koha item type
        Central Library Central Library 2022-10-05   O142,3M90,2 111N1 CL1233266 2022-10-05 2022-10-05 Textual
Copyright @ Delhi University Library System